Artrópodos, sistema y conservación (Registro nro. 15911)

Detalles MARC
000 -CABECERA
Campo de control 003700000a22001210004500
090 ## - CLASIFICACIÓN LOCAL
Colección AS
Consecutivo Seriadas
041 0# - IDIOMA
Código de idioma para texto/pista de sonido o título separado
100 1# - ASIENTO PRINCIPAL--NOMBRE PERSONAL
Nombre personal Fernández, Fernando
245 10 - MENCION DE TITULO
Título Artrópodos, sistema y conservación
Version un compromiso para el próximo siglo
700 1# - ASIENTO SECUNDARIO - NOMBRE PERSONAL
Nombre personal Escobar S., Federico
773 1# - Item fuente:
Título Innovación y Ciencia
Descripción física 1
Paginas del Articulo 28-33
Lugar, editorial y fecha de publicación 1997
Información sobre la relación 6
942 ## - ELEMENTOS ADICIONALES (KOHA)
Tipo de ítem Artículo

No hay ítems disponibles.